000 00282nam a22001337a 4500
008 180927b xxu||||| |||| 00| 0 eng d
020 _a039750439
041 _aeng
080 _a617
100 _a6
101 _aANE
245 _aNeural Blockade
_cCousins, M.J
942 _2udc
_cBK
999 _c48594
_d48594